| 000 | 00429nam a22001577a 4500 | ||
|---|---|---|---|
| 005 | 20260429111832.0 | ||
| 008 | 260429b |||||||| |||| 00| 0 eng d | ||
| 020 | _a978-1-9152-6164-9 | ||
| 100 | _aCROME SAM | ||
| 245 | _aTHE POWER OF TEAMS: HOW TO CREATE AND LEAD THRIVING SCHOOL TEAMS | ||
| 260 |
_aLONDON _bJOHN CATT _c2023 |
||
| 300 | _a301P. | ||
| 500 | _aINCLUDES AN INDEX | ||
| 650 | _aSCHOOL TEAMS | ||
| 942 |
_2lcc _cBK |
||
| 999 |
_c217073 _d217073 |
||